Представление документа в формате RUSMARC

ПолеНазваниеЗначение
  Тип записи a
  Библиографический уровень a
001 Контрольный номер 8bc01c3d8b4747ac921a41dab98216b9
005 Дата корректировки 20161202132300.3
100 Данные общей обработки __
a Данные общей обработки 20161202 ||| 0rusy0189 ca
101 Язык документа 0_
a Язык текста rus
102 Страна публикации __
a Страна публикации RU
200 Заглавие и сведения об ответственности 1_
a Заглавие Страхование экологических рисков в России
f Первые сведения об ответственности С. С. Левашова
g Последующие сведения об ответственности науч. рук. Адамов Н. А.
463 Уровень физической единицы _0
1 2000
a Молодежь и наука: развитие творческого потенциала
e Материалы Международ. студ. науч.-практ. конф. (19 апреля 2016 г.)
f коллектив авторов
b Текст
g АНОО ВО ЦС РФ РУК
v С. 248-256
1 2101
a М.
c Канцлер
d 2016
1 00178f8e0d634c24f0bb35b9e597570888a
610 Ключевые слова 0_
a Ключевые слова страхование
a Ключевые слова риски
a Ключевые слова экология
700 Автор _1
a Фамилия Левашова
b Имя С. С.
801 Источник записи _0
a Страна RU
b Организация РУК
c Дата составления 20161202
g Правила каталогизации PSBO
801 Источник записи _1
a Страна RU
b Организация РУК
c Дата составления 20161202
g Правила каталогизации PSBO
901 Тип документа __
t Тип документа a
w Контрольный № источника 78f8e0d634c24f0bb35b9e597570888a
937 Технологическая информация __
a Создатель записи (имя) Тубольцева